Brasileirão Série B 2026 - Statistics

Estatísticas Gerais
  • Esse quiz foi jogado 114 vezes
    20 desde o último reset
  • A pontuação média é 18 de 20
Estatísticas das Respostas
Cidade Time % Correto
Belo Horizonte América Mineiro
100%
Criciúma Criciúma
100%
Cuiabá Cuiabá
100%
Fortaleza Fortaleza
100%
Londrina Londrina
100%
São Bernardo do Campo São Bernardo
100%
Goiânia Goiás
94%
Recife Náutico
94%
Campinas Ponte Preta
94%
Recife Sport
94%
Goiânia Atlético Goianiense
88%
Ribeirão Preto Botafogo-SP
88%
Fortaleza Ceará
88%
Maceió CRB
88%
Goiânia Vila Nova
88%
Florianópolis Avaí
81%
Caxias do Sul Juventude
81%
Novo Horizonte Novorizontino
81%
Ponta Grossa Operário
81%
São João del-Rei Athletic
69%
Nenhum quiz correspondente encontrado
Distribuição das Pontuações
Porcentagem de Pessoas com Cada Pontuação
Percentil de Números Respondidos
Sua Pontuação Histórica
Você não jogou esse quiz desde o último reset